Diseño de un plan de marketing digital para el posicionamiento de la Salteñería Condorito en el distrito 1 de la ciudad de El Alto (Registro nro. 9686)

000 -CABECERA (24)
Campo de control interno 02470nam a22002894a 4500
003 - IDENTIFICADOR DE CONTROL
Campo control BOLpUSFA
005 - FECHA Y HORA DE CATALOGACION
Campo de control 20260407144308.0
008 - ELEMENTOS DE LONGITUD FIJA - INFORMACIÓN GENERAL
Campo de control de longitud fija t bo grm 001 | spa||
040 ## - Origen de la Catalogacion
Origen de la Catalogacion BOLpUSFA
041 ## - Código de idioma (R)
Código de lengua del texto/banda sonora o título independiente (R) spa
044 ## - Código de país de la publicación
Codigo de pais MARC BO
082 ## - Número de la Clasificación Decimal Dewey
Número de la Clasificación Decimal Dewey ADM0038
Codigo Cutter C746dPG
100 ## - Autor Personal
Autor Personal Condori Mamani, Alan Brayan
245 ## - Titulo
Titulo Diseño de un plan de marketing digital para el posicionamiento de la Salteñería Condorito en el distrito 1 de la ciudad de El Alto
260 ## - Editorial
Ciudad El Alto:
Nombre de la Editorial Universidad Privada San Francisco de Asís. Carrera de Administración de Empresas,
Fecha 2025
300 ## - Descripcion
Extension 141 p.
502 ## - Nota de Tesis
Nota de Tesis Modalidad: Proyecto de Grado - <br/>Tutor: Ing. Sebastián Huallpa Quispe <br/>
520 ## - Resumen
Resumen Esta investigación, cuyo objetivo es diseñar un plan de marketing digital para <br/>posicionar la Salteñería Condorito en el distrito 1 de la ciudad de El Alto, se propone <br/>como solución a la falta de estrategias que permitan visibilizar el emprendimiento <br/>en el entorno digital, donde la competencia gastronómica exige presencia activa en <br/>redes sociales y plataformas de entrega. <br/><br/>A través de encuestas aplicadas a 384 personas y entrevistas semiestructuradas, <br/>se pudo conocer datos relevantes sobre el comportamiento de los consumidores, <br/>quienes en su mayoría utilizan medios digitales para descubrir y elegir negocios <br/>locales. Esto permitió identificar las necesidades reales del público objetivo y las <br/>oportunidades de mejora en la comunicación y promoción del servicio. <br/><br/>La investigación también da a conocer las fallas en las estrategias actuales de la <br/>empresa, como la ausencia de presencia digital, la falta de planificación promocional <br/>y la escasa interacción con los clientes mediante canales tecnológicos. Estos <br/>factores limitan el crecimiento del negocio y su posicionamiento en el mercado. <br/><br/>El estudio concluye que, mediante la implementación de acciones como la <br/>activación de redes sociales, el uso de WhatsApp Business, la afiliación a <br/>plataformas de delivery y campañas promocionales segmentadas, se puede lograr <br/>una mejora continua en la visibilidad y consumo de los productos de la SalteñerÍA<br/>
650 ## - Temas - Descriptores
Temas - Descriptores Administración de Empresas
650 ## - Temas - Descriptores
Temas - Descriptores Proyecto de Grado
650 ## - Temas - Descriptores
Temas - Descriptores Marketing digital
650 ## - Temas - Descriptores
Temas - Descriptores Posicionamiento
650 ## - Temas - Descriptores
Temas - Descriptores Alimentos
650 ## - Temas - Descriptores
Temas - Descriptores Salteñerías
651 ## - Punto de acceso adicional de materia - Nombre geográfico (R)
Nombre geográfico (NR) El Alto
942 ## - ELEMENTOS DE KOHA
Esquema de Clasificaci
Tipo de Documento Tesis
Catalogador LLO
Existencias
Retirado (estado) Perdido (estado) Fuente de Clasificacion Deterioro (estado) Prestamo Coleccion Ubicacion permanente Ubicacion actual Fondo Fecha de adquisicion Prestamos Signatura Topografica Codigo de barras Ultima fecha de verificacion Price effective from Tipo de Item
No Dañado Disponible   No Dañado Disponible Tesis Biblioteca USFA El Alto Biblioteca USFA El Alto Colección Tesis 03/27/2026   ADM0038 C746dPG BEA01534 03/27/2026 03/27/2026 Tesis

Universidad Privada San Francisco de Asis (USFA)
Sopocachi, av. 20 de octubre esq. Belisario Salinas No.397 (Plaza Abaroa)
Telf.fax (+591-2) 2443773
info@usfa.edu.bo